Outline of transistor circuit analysis; including problems with step-by-step solutions.
में बचाया:
| मुख्य लेखक: | |
|---|---|
| स्वरूप: | पुस्तक |
| भाषा: | English |
| प्रकाशित: |
New York, New York : Regent Publishing
1966
|
| विषय: | |
| टैग: |
टैग जोड़ें
कोई टैग नहीं, इस रिकॉर्ड को टैग करने वाले पहले व्यक्ति बनें!
|
MARC
| LEADER | 00000nam a2200000Ia 4500 | ||
|---|---|---|---|
| 003 | 000571 | ||
| 005 | 20221231143942.0 | ||
| 008 | 140114s1966 nyua 000 ||eng d | ||
| 040 | |c cru CEDI | ||
| 082 | |a 621.381.5 G876o | ||
| 100 | |a Gronner, Alfred D. |9 19209 | ||
| 245 | |a Outline of transistor circuit analysis; including problems with step-by-step solutions. | ||
| 260 | |a New York, New York : Regent Publishing |c 1966 | ||
| 300 | |a 383 páginas: ilustraciones | ||
| 650 | |x CIRCUITOS DE TRANSISTORES |9 19211 | ||
| 942 | |2 ddc |c BK | ||
| 999 | |c 14718 |d 14718 | ||
